MARC

LEADER 00000nam0a2200000 4500
001 253207
005 20231101232824.0
010 |a 5747000578 
035 |a (RuTPU)RU\TPU\book\275593 
090 |a 253207 
100 |a 20140312d1989 k y0rusy50 ca 
101 0 |a rus 
102 |a RU 
105 |a y z 001zy 
200 1 |a Философия как методология социально-политической практики  |e монография 
210 |a Красноярск  |c Изд-во Красноярского ун-та  |d 1989 
215 |a 152 с. 
320 |a Библиогр.: с. 138-148. 
606 1 |a Социальная философия  |2 stltpush  |3 (RuTPU)RU\TPU\subj\55674  |9 73682 
610 1 |a методология 
610 1 |a социальные действия 
610 1 |a социальные практики 
610 1 |a исторический материализм 
610 1 |a принципы 
610 1 |a социалистическое строительство 
686 |a Ю6  |v LBC/SL-A  |2 rubbk 
700 1 |a Иванова  |b Р. И.  |g Розалия Ивановна 
801 1 |a RU  |b 63413507  |c 20140312 
801 2 |a RU  |b 63413507  |c 20140319  |g RCR 
942 |c BK